00481nam a2200193Ia 4500008004100000020001800041050001400059100001800073245002000091245001800111260001500129260002200144260000900166300001500175300002700190300001000217440005200227500000800279170918s9999 xx 000 0 und d a9780516445380 bV458 1995 aVenezia, Mike aAaron Copland / cMike Venezia. aNew York : bChildren's Press, c1995 a32 pages : bcolored illustration ; c24cm. aGetting to know the world's greatest composers. a930